Defects, disrepair and the Landlord and Tenant Act 1985 (Record no. 76075)
[ view plain ]
| 000 -LEADER | |
|---|---|
| fixed length control field | 01278cab a2200241 4500 |
| 001 - CONTROL NUMBER | |
| control field | ##L131425 |
| 008 - FIXED-LENGTH DATA ELEMENTS--GENERAL INFORMATION | |
| fixed length control field | 051103n2005 000 0 eng u |
| 035 ## - SYSTEM CONTROL NUMBER | |
| System control number | (Sirsi) u131425 |
| 041 0# - LANGUAGE CODE | |
| Language code of text/sound track or separate title | eng |
| 100 1# - MAIN ENTRY--PERSONAL NAME | |
| Personal name | Sydenham, Angela |
| 245 00 - TITLE STATEMENT | |
| Title | Defects, disrepair and the Landlord and Tenant Act 1985 |
| 260 3# - PUBLICATION, DISTRIBUTION, ETC. | |
| Date of publication, distribution, etc. | 2005 |
| 490 #0 - SERIES STATEMENT | |
| Series statement | EMIS Property Service |
| Volume/sequential designation | 3(10) October 2005,13-15(3 |
| 520 ## - SUMMARY, ETC. | |
| Summary, etc. | Considers the one exception to the general rule that landlords are only obliged to repair and maintain their buildings if they have expressly covenanted to do so: the statutory obligation in the Landlord and Tenant Act 1985 ss11-12. Discusses the duty to repair. Examines the application of the exception in s11(3) of the Act in "Montoya v Hackney LBC" (unreported, 15 July 2005), a case which illustrates the difficulty of distinguishing between those defects coming within the landlord's liability and those coming within the exception. |
| 590 ## - LOCAL NOTE (RLIN) | |
| Local note | IKA081105 |
| 650 24 - SUBJECT ADDED ENTRY--TOPICAL TERM | |
| Topical term or geographic name entry element | LANDLORD AND TENANT ACT 1985 SS11-14 |
| 650 24 - SUBJECT ADDED ENTRY--TOPICAL TERM | |
| Topical term or geographic name entry element | MONTOYA V HACKNEY LBC |
| 650 24 - SUBJECT ADDED ENTRY--TOPICAL TERM | |
| Topical term or geographic name entry element | O'BRIEN V ROBINSON |
| 650 24 - SUBJECT ADDED ENTRY--TOPICAL TERM | |
| Topical term or geographic name entry element | QUICK V TAFF ELY BC |
| 650 24 - SUBJECT ADDED ENTRY--TOPICAL TERM | |
| Topical term or geographic name entry element | RAVENSEFT PROPERTIES LTD V DAVSTONE HOLDINGS LTD |
| 690 ## - LOCAL SUBJECT ADDED ENTRY--TOPICAL TERM (OCLC, RLIN) | |
| Topical term or geographic name as entry element | PROPERTY-LEASEHOLD PROPERTY-LANDLORD AND TENANT-DILAPIDATIONS |
| 942 ## - ADDED ENTRY ELEMENTS (KOHA) | |
| Suppress in OPAC | 0 |
| Withdrawn status | Lost status | Source of classification or shelving scheme | Damaged status | Not for loan | Home library | Current library | Shelving location | Date acquired | Total Checkouts | Full call number | Barcode | Date last seen | Copy number | Price effective from | Koha item type |
|---|---|---|---|---|---|---|---|---|---|---|---|---|---|---|---|
| Dewey Decimal Classification | London | London | Journal article | 03/11/2005 | L131425 | 131425-1001 | 06/08/2019 | 1 | 06/08/2019 | Journal article |